000 00779nam a2200241 i 4500
001 5463
003 ES-MaACL
005 20250815112558.0
007 t|
008 880625s1986 sp ||||1| spa d
020 _a84-291-7125-8
080 _a577.1(075.8)
080 _a616-074(075.8)
245 0 0 _aBioquímica
_b: libro de texto con aplicaciones clínicas /
_c[coordinador] Thomas M. Devlin ; versión española por Claudio Cuchillo.
260 _aBarcelona [etc.] :
_bReverte,
_cD.L.1986.
300 _a2 v. (XXIV, 1208 p.) ;
_c24 cm.
500 _aIndices.
650 0 7 _aBioquímica
_2embne
_9136796
700 1 _aDevlin, Thomas M.
_944018
700 1 _aCuchillo, Claudio.
_941956
852 _aES-MaACL
_jL-12105-106
_bR.115135
_z. - Rust.
999 _c5463
_d5463